000 00459nam a2200169 a 4500
001 0000-9252
003 ELIB.Books
008 110520 1976
035 _a(ELIB.Books)0000-9404
082 _a201.1
_bEld
100 _aEldwood, Douglas J.
245 _aWhat Asian Christians are Thinking
260 _bQuezon City: New Day Publishers
_c1976
650 _aPsychology
942 _2ddc
_cBK
998 _cbat
_e2011-05-20
_mcat
_u2018-11-26
999 _c9252
_d9252